MARC

LEADER 00000nam0a2200000 4500
001 59189
005 20231101211807.0
010 |a 5060001008 
035 |a (RuTPU)RU\TPU\book\62560 
090 |a 59189 
100 |a 20031222d1990 m y0rusy50 ca 
101 0 |a rus 
102 |a RU 
105 |a a j 001zy 
200 1 |a Техническая механика. Детали машин  |e учебник  |f М. И. Фролов 
205 |a 2-е изд., доп. 
210 |a Москва  |c Высшая школа  |d 1990 
215 |a 352 с.  |c ил. 
320 |a Библиогр.: с. 349. 
606 1 |a Детали машин  |2 stltpush  |3 (RuTPU)RU\TPU\subj\9144  |9 36422 
610 1 |a прикладная механика 
610 1 |a проектирование 
610 1 |a неразъемные соединения 
610 1 |a резьбовые соединения 
610 1 |a фрикционные передачи 
610 1 |a ременные передачи 
610 1 |a зубчатые колеса 
610 1 |a червячные передачи 
610 1 |a редукторы 
610 1 |a цепные передачи 
610 1 |a подшипники скольжения 
610 1 |a подшипники качения 
610 1 |a муфты 
610 1 |a учебники 
675 |a 621.01:531(075.8)  |v 3 
700 1 |a Фролов  |b М. И.  |g Михаил Игнатьевич 
801 1 |a RU  |b 63413507  |c 20031222  |g PSBO 
801 2 |a RU  |b 63413507  |c 20221010  |g PSBO 
942 |c BK